000 01287nam a2200253 a 4500
001 44386
003 BD-RjUL
005 20211209053840.0
008 160421s1993 bg a|||| |||| 001 0 ben d
020 _a9843000463
_c: Tk.80.00
035 _a(BD-RjUL)44504
040 _aBD-RjUL
_beng
_cBD-RjUL
041 _aben
082 _223
_a025.431
_bSAB 1993
100 1 _aসালাম, মোহাম্মদ আবদুস
_9123257
245 1 0 _aব্যবহারিক শ্রেণীকরণ :
_bশ্রেণী সংখ্যা গঠন প্রক্রিয়া ডিডিসি ১৯ তম, ২০ তম সংস্করণ ও ইউডিসি /
_cমোহাম্মদ আবদুস সালাম
260 _aঢাকা :
_bঢাকা বিশ্ববিদ্যালয় প্রকাশনা সংস্থা,
_c১৯৯৩.
300 _ax, ১৮১ পৃ. :
_bচিত্র ;
_c২১ সেমি.
500 _aনির্ঘন্ট সংযুক্ত
504 _aগ্রন্থপঞ্জি সংযুক্ত
650 _aগ্রন্থাগার অপারেশন
_vডিডিসি
_9123258
650 _aLibrary operation
_vDewey decimal classification
_9123259
942 _2ddc
_cBK
999 _c44386
_d44386